Jinnah of Pakistan / (Record no. 187495)
[ view plain ]
| 000 -LEADER | |
|---|---|
| fixed length control field | 01186 a2200193 4500 |
| 003 - CONTROL NUMBER IDENTIFIER | |
| control field | Nust |
| 005 - DATE AND TIME OF LATEST TRANSACTION | |
| control field | 20230206105648.0 |
| 020 ## - INTERNATIONAL STANDARD BOOK NUMBER | |
| International Standard Book Number | 0195774620 |
| 040 ## - CATALOGING SOURCE | |
| Transcribing agency | Nust |
| 082 ## - DEWEY DECIMAL CLASSIFICATION NUMBER | |
| Classification number | 954.9042,WOL |
| 100 ## - MAIN ENTRY--PERSONAL NAME | |
| Personal name | Wolpert, Stanley |
| 9 (RLIN) | 60518 |
| 245 ## - TITLE STATEMENT | |
| Title | Jinnah of Pakistan / |
| Statement of responsibility, etc. | Stanley Wolpert, |
| 260 ## - PUBLICATION, DISTRIBUTION, ETC. | |
| Place of publication, distribution, etc. | Oxford University Press |
| Name of publisher, distributor, etc. | Lahore |
| Date of publication, distribution, etc. | 1998 |
| 300 ## - PHYSICAL DESCRIPTION | |
| Extent | xii, 421 p |
| Other physical details | illus |
| Dimensions | 19 cm |
| Accompanying material | digars |
| 505 ## - FORMATTED CONTENTS NOTE | |
| Formatted contents note | Karachi (Page-3), Bombay (1896-1910) (Page-16), Calcutta (1910-15) (Page-32), Lucknow to Bombay (1916-18) (Page-42), Amritsar to Nagpur (1919-21) (Page-61), Retreat to Bombay (1921-24) (Page-73), New Delhi (1924-28) (Page-80), Calcutta (1928) (Page-92), London (1930-33) (Page-119), Toward Lahore (1938-40) (Page-155), Lahore to Delhi (1940-43) (Page-184), Karachi and Bombay Revisited (1943-44) (Page-221), Simla (1944-45) (Page-237), Quetta and Peshawar (1945-46), (Page-247), Simla Revisted (1946) (Page-261), Bombay to Londo,n (1946) (Page-280), London Final Farewell (1946) (Page-297), New Delhi (1947) (Page-306), Karachi Pakistan Zindabad (1947) (Page-332) Ziarat (1948) (Page-355). |
| 600 ## - SUBJECT ADDED ENTRY--PERSONAL NAME | |
| Personal name | Wolpert, Stanley |
| 9 (RLIN) | 60518 |
| 650 ## - SUBJECT ADDED ENTRY--TOPICAL TERM | |
| Topical term or geographic name entry element | Quaid-i-Azam |
| 9 (RLIN) | 108479 |
| 942 ## - ADDED ENTRY ELEMENTS (KOHA) | |
| Source of classification or shelving scheme | |
| Koha item type | Book |
| Withdrawn status | Lost status | Source of classification or shelving scheme | Damaged status | Not for loan | Permanent Location | Current Location | Shelving location | Date acquired | Shelving control number | Full call number | Barcode | Date last seen | Price effective from | Koha item type | Public note | Total Checkouts | Date last checked out |
|---|---|---|---|---|---|---|---|---|---|---|---|---|---|---|---|---|---|
| Military College of Signals (MCS) | Military College of Signals (MCS) | General Stacks | 12/12/2016 | Pakistan History | 954.9042,WOL | MCS27029 | 12/08/2016 | 12/12/2016 | Book | Almirah No.62, Shelf No.1 | |||||||
| Military College of Signals (MCS) | Military College of Signals (MCS) | General Stacks | 02/06/2023 | Pakistan History | 954.9042,WOL | MCS32878 | 12/02/2024 | 02/06/2023 | Book | Almirah No.62, Shelf No.1 | 2 | 11/15/2024 |
